000 00996cam a2200241 4500
001 WB3543-02
008 000000n1999 000 0 eng u
035 _a(Sirsi) u101352
245 _aThird droit de suite vote fails
260 _c1999
490 _aAntiques Trade Gazette
_v(1412) 6 November 1999, 1(1)
520 _aThe Finnish Presidency of the European Union declined to hold a planned vote on "droit de suite" after it became clear that at least six member states, led by the UK, opposed the scheme. The planned levy would give artists a royalty on resale of their work. The British Art Market Federation (BAMF) wants the EU to abandon the proposal as it could drive business elsewhere.
590 _aWB
650 _aDIRECTIVE 2001/84/EC
650 _aROYALTIES
650 _aARTISTS RESALE LEVY
650 _aART MARKET
650 _aART SALES
650 _aBRITISH ART MARKET FEDERATION
650 _aEUROPEAN UNION
690 _aArts and antiques
_96217
942 _n0
999 _c60498
_d60498